[Event "Final Kubka SZFO, tournament À"]
[Site "?"]
[Date "2016.12.17"]
[Round "9"]
[White "Volodin, Aleksandr"]
[Black "Shevchenko, Kirill"]
[Result "1/2-1/2"]
[WhiteElo "2462"]
[BlackElo "2439"]
[PlyCount "36"]
[EventDate "2016.12.18"]
[SourceDate "2016.12.18"]

1. d4 Nf6 2. c4 e6 3. Nf3 c5 4. d5 exd5 5. cxd5 d6 6. Nc3 g6 7. Bf4 a6 8. e4 b5
9. Qe2 Be7 10. a4 b4 11. Nb1 O-O 12. Qc2 Nh5 13. Bh6 Re8 14. Nbd2 Nd7 15. Bc4
g5 16. h3 f6 17. O-O-O Bf8 18. Bxf8 Nxf8 1/2-1/2

[Event "Final Kubka SZFO, tournament À"]
[Site "?"]
[Date "2016.12.17"]
[Round "9"]
[White "Esipenko, Andrey"]
[Black "Sipila, Vilka"]
[Result "1-0"]
[WhiteElo "2492"]
[BlackElo "2424"]
[PlyCount "73"]
[EventDate "2016.12.18"]
[SourceDate "2016.12.18"]

1. d4 e6 2. Nf3 f5 3. g3 Nf6 4. Bg2 d5 5. O-O Bd6 6. c4 c6 7. Bf4 Bxf4 8. gxf4
O-O 9. e3 Nbd7 10. Nc3 Ne4 11. Ne2 g5 12. fxg5 Nxg5 13. Nf4 Nxf3+ 14. Qxf3 Rf6
15. Kh1 Rh6 16. Qg3+ Kh8 17. Bf3 Nf8 18. Rg1 Ng6 19. Bh5 Bd7 20. Nxg6+ hxg6 21.
Qe5+ Kg8 22. Bxg6 Kf8 23. Bf7 Qf6 24. Qxf6 Rxf6 25. Rg8+ Kxf7 26. Rxa8 a6 27.
Rb8 b5 28. Rb7 Ke7 29. Rg1 Rf7 30. cxd5 exd5 31. Rg6 f4 32. Rxc6 fxe3 33. fxe3
b4 34. Rxa6 b3 35. axb3 Rf8 36. Raa7 Ke6 37. Rxd7 1-0

[Event "Final Kubka SZFO, tournament À"]
[Site "?"]
[Date "2016.12.17"]
[Round "9"]
[White "Rudenko, Naum"]
[Black "Sharafiev, Azat"]
[Result "0-1"]
[WhiteElo "2337"]
[BlackElo "2418"]
[PlyCount "60"]
[EventDate "2016.12.18"]
[SourceDate "2016.12.18"]

1. e4 c5 2. Nf3 e6 3. d4 cxd4 4. Nxd4 a6 5. Bd3 Ne7 6. O-O Nbc6 7. Nb3 g6 8. f4
d6 9. Be3 Bg7 10. c3 b5 11. a4 Rb8 12. a5 O-O 13. Qe2 b4 14. c4 f5 15. Bb6 Rxb6
16. axb6 Nd4 17. Nxd4 Qxb6 18. Kh1 Qxd4 19. c5 fxe4 20. Bxa6 d5 21. c6 Qxb2 22.
Qxb2 Bxb2 23. Ra2 Bxa6 24. Rxa6 Rc8 25. g3 Rxc6 26. Rxc6 Nxc6 27. Kg2 Na5 28.
Rd1 Nc4 29. Kf2 Kf7 30. Ke2 d4 0-1

[Event "Final Kubka SZFO, tournament À"]
[Site "?"]
[Date "2016.12.17"]
[Round "9"]
[White "Gazik, Viktor"]
[Black "Moiseenko, Vadim"]
[Result "1/2-1/2"]
[WhiteElo "2418"]
[BlackElo "2530"]
[PlyCount "112"]
[EventDate "2016.12.18"]
[SourceDate "2016.12.18"]

1. c4 c5 2. Nc3 Nc6 3. g3 g6 4. Bg2 Bg7 5. e3 e5 6. Nge2 Nge7 7. a3 O-O 8. Rb1
d6 9. b4 Bf5 10. d3 Qd7 11. O-O Rab8 12. e4 Be6 13. Nd5 b6 14. Bg5 f6 15. Be3
f5 16. f4 fxe4 17. dxe4 Bg4 18. Qd3 Bxe2 19. Qxe2 exf4 20. gxf4 Nxd5 21. cxd5
Nd4 22. Qd3 c4 23. Qxc4 Rbc8 24. Qd3 Rc3 25. Qd2 Nc2 26. Bf2 Nxa3 27. Rbc1 Nc4
28. Qe2 Rxc1 29. Rxc1 b5 30. Bg3 Re8 31. h4 Bf6 32. Kh2 Kh8 33. Qf2 Qg7 34. Rc2
Rf8 35. Qe2 Qh6 36. h5 gxh5 37. Kh1 h4 38. Bh2 h3 39. Bf1 Qh4 40. Rc1 Bg7 41.
Qf3 Bh6 42. Qxh3 Qxh3 43. Bxh3 Bxf4 44. Rf1 Bh6 45. Rxf8+ Bxf8 46. Bd7 a6 47.
Bc8 a5 48. bxa5 Nxa5 49. Ba6 b4 50. e5 dxe5 51. Bxe5+ Kg8 52. Bc7 Nb3 53. d6
Nc5 54. Bb5 Nb7 55. Bc6 Bxd6 56. Bxb7 Bxc7 1/2-1/2

[Event "Final Kubka SZFO, tournament À"]
[Site "?"]
[Date "2016.12.17"]
[Round "9"]
[White "Lintchevski, Daniil"]
[Black "Levin, Evgeny A."]
[Result "1/2-1/2"]
[WhiteElo "2518"]
[BlackElo "2514"]
[PlyCount "20"]
[EventDate "2016.12.18"]
[SourceDate "2016.12.18"]

1. Nf3 Nf6 2. g3 g6 3. Bg2 Bg7 4. O-O O-O 5. c3 d5 6. d4 c6 7. Nbd2 Bf5 8. Nh4
Be6 9. Nhf3 Bf5 10. Nh4 Be6 1/2-1/2